000 00619nam a22001937a 4500
005 20241108113547.0
008 241108b |||||||| |||| 00| 0 eng d
020 _a9781118093757
050 _aQA76.76
_b.O63 S5583
100 _aSilberschatz, Abraham
245 _aOperating Systems Concept/
_bInternational Student Version
_cAbraham Silberschatz, Peter Baer Galvin & Greg Gagne
250 _a9th Ed.
260 _aAsia
_bJohn Wiley & Sons
_c2014
300 _axvii.856p.
_bill. some color
_c25.5cm
650 _2Operating system
700 _aGalvin, Peter Baer
700 _aGagne, Greg
942 _2lcc
_cBK
_e9th Ed.
_n0
999 _c862
_d862